Library Logo

Pioneer International University Library Catalogue

BUSINESS COMMUNICATION: (Record no. 9984)

MARC details
000 -LEADER
fixed length control field 00582nam a22001817a 4500
003 - CONTROL NUMBER IDENTIFIER
control field OSt
005 - DATE AND TIME OF LATEST TRANSACTION
control field 20260317065547.0
008 - FIXED-LENGTH DATA ELEMENTS--GENERAL INFORMATION
fixed length control field 260317b |||||||| |||| 00| 0 eng d
010 ## - LIBRARY OF CONGRESS CONTROL NUMBER
LC control number 2004104724
020 ## - INTERNATIONAL STANDARD BOOK NUMBER
International Standard Book Number 0324223048
040 ## - CATALOGING SOURCE
Transcribing agency THOMSON
050 ## - LIBRARY OF CONGRESS CALL NUMBER
Classification number HF 5718.3 .G83 2008
Item number .G83 2008
245 ## - TITLE STATEMENT
Title BUSINESS COMMUNICATION:
Remainder of title PROCESS & PRODUCT /
Statement of responsibility, etc. GUFFEY, MARY ELLEN
250 ## - EDITION STATEMENT
Edition statement 5TH EDITION
260 ## - PUBLICATION, DISTRIBUTION, ETC.
Place of publication, distribution, etc. SOUTH WESTERN:
Name of publisher, distributor, etc. THOMSON,
Date of publication, distribution, etc. 2008
300 ## - PHYSICAL DESCRIPTION
Extent xxix, 585 pages,
Other physical details hardcover, includes bibliographic references and index,
Dimensions ill. : col, 26.2 cm
942 ## - ADDED ENTRY ELEMENTS (KOHA)
Source of classification or shelving scheme Library of Congress Classification
Koha item type Books
Edition 5th ed.
Suppress in OPAC No
Holdings
Withdrawn status Lost status Source of classification or shelving scheme Damaged status Not for loan Home library Current library Date acquired Total checkouts Full call number Barcode Date last seen Price effective from Koha item type
    Library of Congress Classification     PIU Library Main Library 03/17/2026   HF 5718.3 .G83 2008 PIUDLMUR959 03/17/2026 03/17/2026 Books